Código de aguas: edición oficial, aprobada por Decreto Nº 408 del 14 de abril de 1988, del Ministerio de Justicia

Guardat en:
Dades bibliogràfiques
Format: Llibre
Idioma:espanyol
Publicat: Santiago Jurídica de Chile 1988
Edició:11a. ed
Matèries:
Etiquetes: Afegir etiqueta
Sense etiquetes, Sigues el primer a etiquetar aquest registre!

MARC

LEADER 00000nam a2200000 a 4500
001 UCV0571
003 CL-VaPUC
008 881115e19880000CL |||||||||||||||||spa|d
082 0 4 |a 346.04691  |b COD  |2 21 
245 1 0 |a Código de aguas: edición oficial, aprobada por Decreto Nº 408 del 14 de abril de 1988, del Ministerio de Justicia 
250 |a 11a. ed 
300 |a 209 p 
942 |c BK 
945 |d 19881115 00:00:00 
260 |a Santiago  |b Jurídica de Chile  |c 1988 
650 7 |a DERECHO DEL AGUA  |2 CL-VaPUC  |9 255375 
650 7 |a CODIGO DE AGUAS 1988  |2 CL-VaPUC  |9 255376 
651 7 |a CHILE  |2 CL-VaPUC  |9 295044 
583 |a last modification  |c 20180514 10:52:12  |k Rodrigo Vera 
999 |c 208964  |d 208962 
952 |0 0  |1 0  |2 ddc  |4 0  |5 1  |6 346_046910000000000_COD_1988  |7 1  |8 C_LRYV  |9 184020  |a BIBDER  |b BIBDER  |d 2019-11-14  |i 2509911  |o 346.04691 COD 1988  |p 2509911  |r 2023-01-25  |w 2019-11-14  |y BK_X  |k DER